000 00635nam a2200241Ia 4500
003 OSt
005 20220918190858.0
006 a|||||r|||| 00| 0
007 ta
008 220917b |||||||| |||| 00| 0 eng d
024 _a60,220
037 _cTextual
040 _aARTS
_cARTS
_beng
041 _2eng
_aeng
082 _aQ4, L03 (Q4)
100 _aSanskrityanan Rahul
_973998
245 0 _aBuddhism
_b the marxist approach
260 _aDelhi
_bPeople's Pub House
_c1970
300 _a86p.
_ccm.
650 _aRELIGION
942 _hQ4, L03 (Q4)
_cTEXL
_2CC
999 _c187180
_d187180